Manuale del leccaculo : teoria e storia di un'arte sottile /

Bewaard in:
Bibliografische gegevens
Hoofdauteur: Stengel, Richard (Auteur)
Andere auteurs: Ballarini, Daniele
Formaat: Boek
Taal:Italiaans
Gepubliceerd in: Roma : Fazi, 2004
Reeks:Tascabili. Saggi ; 5
Onderwerpen:
Tags: Voeg label toe
Geen labels, Wees de eerste die dit record labelt!

MARC

LEADER 00000nam a2200000 i 4500
001 IT\ICCU\RAV\1214099
003 ItRI
005 20251118160432.0
008 040531s2004 it |||||| ||||| |||||c
015 |2 IT  |a 2005-10468 
020 |a 8881125021 
020 |a 9788881128617 (5. rist. 2007) 
020 |a 9788881129935 (2. ed. 2009) 
040 |b ita  |c Arcigay Viterbo 
041 7 |a ita  |2 ISO-639-2 
082 |a 177.3  |2 21 
100 1 |a Stengel, Richard  |0 IT\ICCU\RAVV\263914  |4 aut 
240 1 0 |a Youʼre too king.  |9 Stengel, Richard 
245 1 0 |a Manuale del leccaculo :  |b teoria e storia di un'arte sottile /  |c Richard Stengel ; traduzione di Daniele Ballarini. 
260 |a Roma :  |b Fazi,  |c 2004 
300 |a 334 p. ;  |c 20 cm. 
650 7 |a Adulazione 
700 1 |a Ballarini, Daniele  |0 IT\ICCU\CFIV\129000 
830 0 |a Tascabili. Saggi ;  |v 5  |0 IT\ICCU\RMS\1090197 
942 |2 ddc  |c BK  |n 0 
952 |0 0  |1 0  |2 ddc  |4 0  |6 177_300000000000000_STE_MAN  |7 0  |9 9922  |a VT  |b VT  |d 2025-11-18  |e Dono della Biblioteca Consorziale di Viterbo  |i B445  |l 0  |o 177.3 STE MAN  |p B445  |r 2025-11-18 16:05:28  |w 2025-11-18  |y BK  |z Dono della Biblioteca Consorziale di Viterbo 
981 1 |6 z01  |a i   |b xxxe  
982 1 |6 z01  |a n 
999 |c 8272  |d 8272